La certification des comptes : un levier stratégique pour les établissements publics (notice n° 2077747)

détails MARC
000 -LEADER
fixed length control field 01901cam a2200169 4500500
005 - DATE AND TIME OF LATEST TRANSACTION
control field 20260405004716.0
041 ## - LANGUAGE CODE
Language code of text/sound track or separate title fre
042 ## - AUTHENTICATION CODE
Authentication code dc
100 10 - MAIN ENTRY--PERSONAL NAME
Personal name Frandji, Didier
Relator term author
245 00 - TITLE STATEMENT
Title La certification des comptes : un levier stratégique pour les établissements publics
260 ## - PUBLICATION, DISTRIBUTION, ETC.
Date of publication, distribution, etc. 2025.<br/>
500 ## - GENERAL NOTE
General note 41
520 ## - SUMMARY, ETC.
Summary, etc. Après presque 10 années de certification de ses comptes, l’AP-HP dresse un bilan très positif de ses apports à l’ensemble de l’institution. Si cette démarche a pu exiger au départ un investissement important, elle a permis de construire un environnement de maîtrise des risques homogène et efficient en embarquant l’ensemble des groupements hospitaliers universitaires et directions opérationnelles associées. Elle s’est révélée être un accélérateur de la transformation, un socle confortant les décisions de gestion et éclairant les orientations stratégiques, ainsi qu’un facteur de renforcement de la crédibilité financière de l’AP-HP sur les marchés financiers.
520 ## - SUMMARY, ETC.
Summary, etc. After nearly 10 years of certifying its accounts, AP-HP presents a very positive assessment of its contributions to the entire institution. While this approach initially required a significant investment, it has allowed for the construction of a homogeneous and efficient risk management environment by involving all university hospital groups and associated operational departments. It has proven to be an accelerator of transformation, a foundation that supports management decisions and clarifies strategic directions, as well as a factor in strengthening AP-HP’s financial credibility in the financial markets.
786 0# - DATA SOURCE ENTRY
Note Revue française de finances publiques | 172 | 4 | 2025-11-20 | p. 71-76 | 0294-0833
856 41 - ELECTRONIC LOCATION AND ACCESS
Uniform Resource Identifier <a href="https://droit.cairn.info/revue-revue-francaise-de-finances-publiques-2025-4-page-71?lang=fr&redirect-ssocas=7080">https://droit.cairn.info/revue-revue-francaise-de-finances-publiques-2025-4-page-71?lang=fr&redirect-ssocas=7080</a>

Pas d'exemplaire disponible.

PLUDOC

PLUDOC est la plateforme unique et centralisée de gestion des bibliothèques physiques et numériques de Guinée administré par le CEDUST. Elle est la plus grande base de données de ressources documentaires pour les Étudiants, Enseignants chercheurs et Chercheurs de Guinée.

Adresse

627 919 101/664 919 101

25 boulevard du commerce
Kaloum, Conakry, Guinée

Réseaux sociaux

Powered by Netsen Group @ 2025